| 000 | 02028cam a2200385 a 4500 | ||
|---|---|---|---|
| 001 | 13643006 | ||
| 005 | 20100618101142.0 | ||
| 008 | 040701s2004 ne a b 001 0 eng | ||
| 010 | _a 2004555479 | ||
| 020 | _a0124660517 | ||
| 020 | _a9780124660519 | ||
| 040 |
_aDLC _cDLC _dDLC |
||
| 050 | 0 | 0 |
_aQA76.76.A63 _bM35 2004 |
| 082 | 0 | 0 |
_a004.6 _222 _bMAK |
| 100 | 1 |
_aMakofske, David B. _927419 |
|
| 245 | 1 | 0 |
_aTCP/IP Sockets in C# : _bPractical Guide for Programmers / _cDavid L. Makofske, Michael J. Donahoo, Kenneth L. Calvert. |
| 260 |
_aAmsterdam ; _aBoston : _bElsevier, 2004 _cc2004. |
||
| 300 |
_axii, 175 p. : _bill. ; _c23 cm. |
||
| 490 |
_927418 _aThe Morgan Kaufmann Practical Guides Series |
||
| 504 | _aIncludes bibliographical references and index. | ||
| 650 | 0 |
_aApplication program interfaces (Computer software) _927420 |
|
| 650 | 0 |
_aTCP/IP (Computer network protocol) _927421 |
|
| 650 | 0 |
_aC# (Computer program language) _927422 |
|
| 653 |
_bCS _cOctober2011 |
||
| 700 | 1 |
_aDonahoo, Michael J. _927423 |
|
| 700 | 1 |
_aCalvert, Kenneth L. _927424 |
|
| 856 | 4 | 1 |
_3Table of contents _uhttp://www.loc.gov/catdir/toc/els051/2004555479.html |
| 856 | 4 | 2 |
_3Publisher description _uhttp://www.loc.gov/catdir/description/els051/2004555479.html |
| 942 |
_2ddc _cBB |
||
| 999 |
_c16108 _d16108 |
||